Statistiques concernant Pays les Plus Devines

Cliquez ici pour prendre le quiz!

Statistiques générales

  • Ce quiz a été pris 155 fois
  • Le résultat moyen est 14 sur 15

Statistiques - réponses

%Réponse% Correct
98France
100%
96Etats-Unis
99%
94Allemagne
95%
95Chine
95%
96Espagne
95%
92Royaume-Uni
95%
94Bresil
94%
96Canada
93%
96Italie
93%
96Russie
92%
94Australie
89%
93Japon
89%
94Mexique
86%
94Portugal
81%
92Maroc
66%

Distribution des résultats

Percentile par nombre de réponses

% des personnes avec chaque résultat

Votre développement - résultats

Vous n’avez pas pris ce quiz